000 00190 a2200097 4500
020 _a9780935526585
041 _aeng
100 _aKent, Alexander
245 _aPassage to mutiny
942 _cBK
999 _c29928
_d29926